The werewolf of fever swamp (Record no. 1306)
[ view plain ]
| 000 -LEADER | |
|---|---|
| fixed length control field | 01645cam a22004334a 4500 |
| 005 - DATE AND TIME OF LATEST TRANSACTION | |
| control field | 20230926144822.0 |
| 020 ## - INTERNATIONAL STANDARD BOOK NUMBER | |
| International Standard Book Number | 0439841240 (hbk.) |
| 020 ## - INTERNATIONAL STANDARD BOOK NUMBER | |
| International Standard Book Number | 9780439841245 (hbk.) |
| 020 ## - INTERNATIONAL STANDARD BOOK NUMBER | |
| International Standard Book Number | 0439841259 (pbk.) |
| 020 ## - INTERNATIONAL STANDARD BOOK NUMBER | |
| International Standard Book Number | 1415690359 (BWI bound) |
| 020 ## - INTERNATIONAL STANDARD BOOK NUMBER | |
| International Standard Book Number | 9780439841252 |
| 040 ## - CATALOGING SOURCE | |
| Original cataloging agency | DLC |
| Transcribing agency | DLC |
| Modifying agency | IG# |
| -- | IMF |
| -- | BAKER |
| -- | P@N |
| -- | HHO |
| -- | DLC |
| -- | DLC |
| Language of cataloging | eng |
| 050 00 - LIBRARY OF CONGRESS CALL NUMBER | |
| Classification number | PN6726 |
| Item number | .G66 2006 |
| 082 00 - DEWEY DECIMAL CLASSIFICATION NUMBER | |
| Classification number | 741.5 |
| Edition number | 22 |
| 100 ## - MAIN ENTRY--PERSONAL NAME | |
| Personal name | Stine, R.L. |
| Fuller form of name | Stine, Robert Lawrence |
| 245 00 - TITLE STATEMENT | |
| Title | The werewolf of fever swamp |
| Statement of responsibility, etc. | R.L. Stone |
| 250 ## - EDITION STATEMENT | |
| Edition statement | This edition published by Scholastic Ltd, 2015 |
| 260 ## - PUBLICATION, DISTRIBUTION, ETC. | |
| Place of publication, distribution, etc. | New York : |
| Name of publisher, distributor, etc. | Scholastic, |
| Date of publication, distribution, etc. | 1993. |
| 300 ## - PHYSICAL DESCRIPTION | |
| Extent | 139 pages : |
| Dimensions | 24 cm. |
| 490 ## - SERIES STATEMENT | |
| Materials specified | Goosebumps |
| 505 0# - FORMATTED CONTENTS NOTE | |
| Formatted contents note | K |
| 505 0# - FORMATTED CONTENTS NOTE | |
| Formatted contents note | The werewolf of Fever Swamp / adapted & illustrated by Gabriel Hernandez -- The scarecrow walks at midnight / adapted & illustrated by Greg Ruth -- The abominable snowman of Pasadena / adapted & illustrated by Scott Morse. |
| 520 ## - SUMMARY, ETC. | |
| Summary, etc. | "3 goulish graphix tales"--Cover. |
| 521 ## - TARGET AUDIENCE NOTE | |
| Target audience note | 540 <br/> |
| Source | Lexile |
| 521 ## - TARGET AUDIENCE NOTE | |
| Target audience note | K <br/> |
| Source | Raz-Plus |
| 650 #1 - SUBJECT ADDED ENTRY--TOPICAL TERM | |
| Topical term or geographic name entry element | Horror stories. |
| 650 #1 - SUBJECT ADDED ENTRY--TOPICAL TERM | |
| Topical term or geographic name entry element | Cartoons and comics. |
| 650 #1 - SUBJECT ADDED ENTRY--TOPICAL TERM | |
| Topical term or geographic name entry element | Graphic novels. |
| 655 #0 - INDEX TERM--GENRE/FORM | |
| Genre/form data or focus term | Graphic novels. |
| 700 1# - ADDED ENTRY--PERSONAL NAME | |
| Personal name | Stine, R. L. |
| Title of a work | Werewolf of Fever Swamp. |
| 700 1# - ADDED ENTRY--PERSONAL NAME | |
| Personal name | Stine, R. L. |
| Title of a work | Scarecrow walks at midnight. |
| 700 1# - ADDED ENTRY--PERSONAL NAME | |
| Personal name | Stine, R. L. |
| Title of a work | Abominable snowman of Pasadena. |
| 700 12 - ADDED ENTRY--PERSONAL NAME | |
| Personal name | Hernandez, Gabriel |
| Fuller form of name | (Hernandez Walta). |
| Title of a work | Werewolf of Fever Swamp. |
| 700 12 - ADDED ENTRY--PERSONAL NAME | |
| Personal name | Ruth, Greg. |
| Title of a work | Scarecrow walks at midnight. |
| 700 12 - ADDED ENTRY--PERSONAL NAME | |
| Personal name | Morse, Scott. |
| Title of a work | Abominable snowman of Pasadena. |
| 906 ## - LOCAL DATA ELEMENT F, LDF (RLIN) | |
| a | 7 |
| b | cbc |
| c | orignew |
| d | 1 |
| e | ocip |
| f | 20 |
| g | y-gencatlg |
| 942 ## - ADDED ENTRY ELEMENTS (KOHA) | |
| Source of classification or shelving scheme | Dewey Decimal Classification |
| Koha item type | Books |
| Suppress in OPAC | No |
| 999 ## - | |
| -- | 1306 |
| -- | 1306 |
| Withdrawn status | Lost status | Source of classification or shelving scheme | Damaged status | Not for loan | Collection | Home library | Current library | Shelving location | Date acquired | Total Checkouts | Full call number | Barcode | Date last seen | Date last checked out | Copy number | Price effective from | Koha item type |
|---|---|---|---|---|---|---|---|---|---|---|---|---|---|---|---|---|---|
| Dewey Decimal Classification | Juvenile Fiction | Footprints International School Library Network Toul Kork Campus | Footprints International School Library Network Toul Kork Campus | TK Primary Library Room(4th Floor), Bookcase 3&4, Shelves 17-32, Yellow Books | 08/14/2023 | 1 | STI 813.54 PZ7.S86037 | FISTK05256 | 04/24/2026 | 03/20/2026 | 1 | 08/14/2023 | Books |
